Statistics for Country Names With More Than One Word

Click here to take the quiz!

General Stats

  • This quiz has been taken 794 times
    (693 since last reset)
  • The average score is 31 of 38

Answer Stats

Country% Correct
North Korea
97%
South Korea
97%
United States
97%
United Kingdom
95%
South Africa
94%
Dominican Republic
93%
New Zealand
91%
South Sudan
91%
United Arab Emirates
91%
D. R. Congo
90%
Antigua and Barbuda
87%
Saint Kitts and Nevis
87%
Saint Vincent and the Grenadines
86%
Rep. of the Congo
85%
Saint Lucia
85%
Papua New Guinea
84%
Trinidad and Tobago
84%
Saudi Arabia
83%
Marshall Islands
82%
San Marino
82%
Central African Republic
80%
São Tomé and Príncipe
80%
Guinea-Bissau
79%
Solomon Islands
79%
Vatican City
79%
Bosnia and Herzegovina
78%
Cape Verde
78%
Equatorial Guinea
78%
North Macedonia
78%
Sri Lanka
78%
East Timor
77%
El Salvador
77%
Fed. States of Micronesia
73%
Costa Rica
71%
Ivory Coast
69%
Burkina Faso
68%
Czech Republic
68%
Sierra Leone
66%

Score Distribution

Percentile by Number Answered

Percent of People with Each Score

Your Score History

You have not taken this quiz since the last reset